Chios Property Investment Co Ltd v Lopez (Record no. 7999)
[ view plain ]
| 000 -LEADER | |
|---|---|
| fixed length control field | 01632cab a2200241 4500 |
| 001 - CONTROL NUMBER | |
| control field | ABS38814 |
| 008 - FIXED-LENGTH DATA ELEMENTS--GENERAL INFORMATION | |
| fixed length control field | 090401t1988 xxu||||| |||| 00| 0 eng d |
| 035 ## - SYSTEM CONTROL NUMBER | |
| System control number | (Sirsi) u12516 |
| 041 ## - LANGUAGE CODE | |
| Language code of text/sound track or separate title | eng |
| 245 ## - TITLE STATEMENT | |
| Title | Chios Property Investment Co Ltd v Lopez |
| 260 ## - PUBLICATION, DISTRIBUTION, ETC. | |
| Date of publication, distribution, etc. | 1988 |
| 350 ## - PRICE (NR) (BK AM CF MU VM SE) [OBSOLETE] | |
| Price | 0 |
| 490 ## - SERIES STATEMENT | |
| Series statement | Estates Gazette |
| Volume/sequential designation | (8805) 6 February 1988, 57(1) |
| 520 ## - SUMMARY, ETC. | |
| Summary, etc. | CA 28 October 1987. Appeal by landlord (C) from cc decision in favour of defendant (L) in an action for possession . Cc held that L was the statutory tenant of C`s flat in succession to the deceased tenant (S), L being a member of S`s family and residing with him at the time of and for a period of six months immediately before his death. L had lived with S for two years and they had intended to marry. Both regarded their relationship as permanent. L had to show that a sufficient state of permanence and stability had been reached in the relationship with the deceased protected or statutory tenant for the occupant to be a considered a member of the original tenant`s family. C contended that cc had erred and noted the absence of children and the shortness of the relationship. On appeal, CA held that there were no grounds for interfering with the judge`s conclusion, he had applied the correct test. C`s appeal dismissed, but the court emphasised that this was an exceptional case and shoul |
| 650 ## - SUBJECT ADDED ENTRY--TOPICAL TERM | |
| Topical term or geographic name entry element | COHABITATION |
| 650 ## - SUBJECT ADDED ENTRY--TOPICAL TERM | |
| Topical term or geographic name entry element | DYSON HOLDINGS LTD V FOX |
| 650 ## - SUBJECT ADDED ENTRY--TOPICAL TERM | |
| Topical term or geographic name entry element | HELBY V RAFFERTY |
| 650 ## - SUBJECT ADDED ENTRY--TOPICAL TERM | |
| Topical term or geographic name entry element | PROTECTED TENANCY |
| 650 ## - SUBJECT ADDED ENTRY--TOPICAL TERM | |
| Topical term or geographic name entry element | WATSON V LUCAS |
| 690 ## - LOCAL SUBJECT ADDED ENTRY--TOPICAL TERM (OCLC, RLIN) | |
| Topical term or geographic name as entry element | LANDLORD AND TENANT-CASE LAW-RESIDENTIAL TENANCIES |
| 942 ## - ADDED ENTRY ELEMENTS (KOHA) | |
| Suppress in OPAC | 0 |
| 948 ## - LOCAL PROCESSING INFORMATION (OCLC); SERIES PART DESIGNATOR (RLIN) | |
| c (OCLC) | 04/03/1997 |
| Withdrawn status | Lost status | Source of classification or shelving scheme | Damaged status | Not for loan | Home library | Current library | Shelving location | Date acquired | Total Checkouts | Full call number | Barcode | Date last seen | Copy number | Price effective from | Koha item type |
|---|---|---|---|---|---|---|---|---|---|---|---|---|---|---|---|
| Dewey Decimal Classification | London | London | Journal article | 14/09/1999 | ABS38814 | 12516-1001 | 06/08/2019 | 1 | 06/08/2019 | Law report |